Effectiveness of albenzole and ivermec on gastro-intestinal parasites of cattle insamky medistrict, kampong chhnang province, សិក្សាពីប្រសិទ្ធភាព Albenzole និង ivermec លើវត្តមានបរាសិតក្នុងក្រពះពោះវៀនគោក្នុងស្រុកសាមគ្គីមានជ័យ ខេត្តកំពង់ឆ្នំាង (Record no. 7512)

000 -LEADER
fixed length control field 00805nam a22001337a 4500
040 ## - CATALOGING SOURCE
Transcribing agency RUA
082 ## - DEWEY DECIMAL CLASSIFICATION NUMBER
Classification number VEM SEA 2014 B459 Or.1
100 ## - MAIN ENTRY--AUTHOR NAME
Personal name SEA SAMPHASS; សៀ សម្ផស
245 ## - TITLE STATEMENT
Title Effectiveness of albenzole and ivermec on gastro-intestinal parasites of cattle insamky medistrict, kampong chhnang province, សិក្សាពីប្រសិទ្ធភាព Albenzole និង ivermec លើវត្តមានបរាសិតក្នុងក្រពះពោះវៀនគោក្នុងស្រុកសាមគ្គីមានជ័យ ខេត្តកំពង់ឆ្នំាង
260 ## - PUBLICATION, DISTRIBUTION, ETC. (IMPRINT)
Place of publication Phnom Penh
Name of publisher RUA
Year of publication 2014
300 ## - PHYSICAL DESCRIPTION
Number of Pages x ;55p.
Other physical details ill.
Dimensions 29cm.
856 ## - ELECTRONIC LOCATION AND ACCESS
Uniform Resource Identifier https://drive.google.com/file/d/1LpMbtGqeqA8mCe9V6wl33EOssVTkSE63/view?usp=sharing
942 ## - ADDED ENTRY ELEMENTS (KOHA)
Koha item type VEM
952 ## - LOCATION AND ITEM INFORMATION (KOHA)
Withdrawn status [LOCAL, KOHA] 0
952 ## - LOCATION AND ITEM INFORMATION (KOHA)
Withdrawn status [LOCAL, KOHA] 0
952 ## - LOCATION AND ITEM INFORMATION (KOHA)
Withdrawn status [LOCAL, KOHA] 0
952 ## - LOCATION AND ITEM INFORMATION (KOHA)
Withdrawn status [LOCAL, KOHA] 0
952 ## - LOCATION AND ITEM INFORMATION (KOHA)
Withdrawn status [LOCAL, KOHA] 0
952 ## - LOCATION AND ITEM INFORMATION (KOHA)
Withdrawn status [LOCAL, KOHA] 0
952 ## - LOCATION AND ITEM INFORMATION (KOHA)
Withdrawn status [LOCAL, KOHA] 0
952 ## - LOCATION AND ITEM INFORMATION (KOHA)
Withdrawn status [LOCAL, KOHA] 0
952 ## - LOCATION AND ITEM INFORMATION (KOHA)
Withdrawn status [LOCAL, KOHA] 0
Holdings
Permanent Location Date acquired Koha item type Lost status Shelving location Barcode Current Location Full call number
Library Block B2016-03-10VEM B459RUA055990Library Block BVEM SEA 2014 B459 Or.1
Library Block B2016-03-10VEM B459RUA055794Library Block BVEM SEA 2014 B459 Or.2
Library Block B2016-03-10VEM B459RUA056147Library Block BVEM SEA 2014 B459 Or.3
Library Block B2016-03-10VEM B459RUA055666Library Block BVEM SEA 2014 B459 Or.4
Library Block B2016-03-10VEM B459RUA055550Library Block BVEM SEA 2014 B459 Or.5
Library Block B2016-03-10VEM B459RUA056422Library Block BVEM SEA 2014 B459 Or.6
Library Block B2016-03-10VEM B459RUA056167Library Block BVEM SEA 2014 B459 Or.7
Library Block B2016-03-10VEM B459RUA055971Library Block BVEM SEA 2014 B459 Or.8
Library Block B2021-11-16VEM B692A065566Library Block BVEM SEA 2014 B692 Or.1
មជ្ឈមណ្ឌលឯការនៃសាកលវិទ្យាល័យភូមិន្ទកសិកម្មចំការដូង

Powered by Koha